| 000 | 00949cam a2200193 4500 | ||
|---|---|---|---|
| 001 | WB3810-05 | ||
| 008 | 020314n2002 000 0 eng u | ||
| 035 | _a(Sirsi) u117138 | ||
| 245 | _aBest practice programme extended | ||
| 260 | _c2002 | ||
| 490 |
_aDTI News Release _v 2002/162 14 March 2002, (2) |
||
| 520 | _aThe Construction Best Practice Programme is to be further funded up to March 2004. Set up in 1998 the programme aims to help the construction industry improve its business performance. It is part of the Rethinking Construction group of initiatives. The programme raised companies' turnover by a combined £132m and annual profits by a total of £71m. Visit the website http://www.cbpp.org.uk/cbpp/ http://www.nds.coi.gov.uk/coi/ | ||
| 590 | _aWB | ||
| 650 | _aCONSTRUCTION BEST PRACTICE PROGRAMME | ||
| 650 | _aBUSINESS PERFORMANCE | ||
| 650 | _aEGAN REFORMS | ||
| 690 | _aBUILT ENVIRONMENT | ||
| 942 | _n0 | ||
| 999 |
_c69792 _d69792 |
||